| 000 | 00711nas a2200265 4500 | ||
|---|---|---|---|
| 001 | BR9209107 | ||
| 003 | BR-BrBNA | ||
| 005 | 20231205093220.0 | ||
| 007 | ta | ||
| 008 | 230509b bl.|||p| |||| 00| 00por d | ||
| 040 |
_aBR-BrBNA _bpor _cBiblioteca Nacional de Agricultura |
||
| 041 | _a(Pt) | ||
| 072 | _aL02 | ||
| 100 | 1 | _aAlmeida, M.C. de | |
| 245 | 1 | _aSoja podera baratear a criacao de trutas | |
| 650 | _aTRUTA | ||
| 650 | _aSOJA | ||
| 650 | _aPISCICULTURA | ||
| 650 | _aENGORDA | ||
| 650 | _aCUSTO DE PRODUCAO | ||
| 650 | _aPRATICO | ||
| 773 | 0 |
_tAtualidades SANBRA (Brazil) _x _g(Oct 1990), v. 22(101) p. 10-12 _wBR9209107 |
|
| 909 |
_a202311 _bLúcia _c55 _dLúcia Elande |
||
| 942 |
_2AGRIS _n0 _cANA |
||
| 999 |
_c136900 _d136900 |
||